Countries ranked by the 20 best cuisines in the world - Statistics

General Stats
  • This quiz has been taken 128 times
  • The average score is 14 of 20
Answer Stats
Miejsce Państwo % Correct
8 France
96%
2 Italy
96%
10 China
95%
9 Japan
94%
4 Spain
94%
13 United States
91%
12 India
90%
1 Greece
86%
3 Mexico
85%
5 Portugal
84%
11 Poland
67%
19 Vietnam
67%
7 Indonesia
60%
6 Türkiye
55%
16 Brazil
54%
18 Colombia
51%
14 Peru
45%
20 Hungary
39%
17 Croatia
38%
15 Serbia
27%
No matching quizzes found
Score Distribution
Percent of People with Each Score
Percentile by Number Answered
Your Score History
You have not taken this quiz